| 000 | 01785nam2a2200253 i 4500 | ||
|---|---|---|---|
| 001 | RU\NLR\BIBL_A\011295570 | ||
| 005 | 20240729055549.0 | ||
| 010 | _a9785737908669 | ||
| 035 | _a(NLR Aleph) 011295570 | ||
| 090 |
_a10947690 _c10947690 |
||
| 100 | _a20161220d2016 u y0rusy50 ca | ||
| 101 | 0 | _arus | |
| 102 | _aRU | ||
| 105 | _ag|||j|||001zy | ||
| 200 | 0 | _aЧ. 2 | |
| 210 | _d2016 | ||
| 215 |
_a246, [1] с. _cнот. |
||
| 320 | _aБиблиогр.: с. 240-241 и в подстроч. примеч. | ||
| 320 | _aИмен. указ.: с. 242-247 | ||
| 461 | 0 |
_1001RU\NLR\BIBL_A\011298867 _12001#$aПолифония$eучебник для музыкальных вузов$e[для студентов, обучающихся по направлениям подготовки (специальностям) музыковедение, композиция и художественное руководство оперно-симфоническим оркестром]$fА. Милка$gС.-Петерб. гос. консерватория им. Н.А. Римского-Корсакова$vЧ. 2 _1700#1$aМилка$bА. П.$gАнатолий Павлович _910965028 _aМилка, А. П. _cСанкт-Петербург _d2016 _fА. Милка _nКомпозитор-Санкт-Петербург _oучебник для музыкальных вузов : [для студентов, обучающихся по направлениям подготовки (специальностям) музыковедение, композиция и художественное руководство оперно-симфоническим оркестром] _tПолифония _y9785737908676 _vЧ. 2 |
|
| 942 | _cBOOK | ||
| 980 | _aNBR | ||